000 01005cam a2200265 4500
008 090401t1997 xxu||||| |||| 00| 0 eng d
020 _a0117533939
035 _a(Sirsi) u79108
041 _aeng
050 _a711.52
110 _aUnited Kingdom
_bDepartment of the Environment
_9982
245 _aTown centre partnerships : a survey of good practice and report of an action research project.
260 _aLondon
_bStationery Office
_c1997
300 _a81p. : ill. ; 30cm.
350 _a23
520 _aA report for the Association of Town Centre Management by Urbed (Urban and Economic Develeopment Group) and sponsored by the DoE. Based on the results of several surveys, the report includes case studies, charts and checklists.
650 _aTOWN CENTRE MANAGEMENT
650 _aTOWN CENTRE PARTNERSHIPS
650 _aTOWN CENTRES
690 _aURBAN RENEWAL
710 _aAssociation of Town Centre Management
_93506
710 _aUrbed
_9544
942 _n0
948 _c20/06/1997
999 _c96502
_d96502